Wiedźmin 3 intro (słowa) - Statystyki

Ogólne statystyki
  • Ten quiz został rozwiązany 1 408 razy
    1 397 od ostatniego zresetowania
  • Średni wynik to 91 z 294
Statystyki odpowiedzi
Słowa % Poprawnych
W
94%
w
94%
A
89%
na
83%
Na
83%
was ...
78%
Patrzę
77%
Głodnych ...
75%
z
73%
Z
73%
i
71%
I
71%
Przerażonych ...
70%
do
67%
dzieci
65%
dzieci,
65%
dzieci!
65%
po
65%
Po
65%
o
63%
piersi.
62%
Przyciskających
60%
Cesarz
48%
Emhyr
48%
za
48%
nie
46%
Nie
46%
nas
45%
Sfer.
41%
Sfer?
41%
to
41%
To
41%
u
41%
nasz
39%
Koniunkcją
38%
nasze
37%
swoje
37%
się
36%
ziemie,
36%
bogów!
34%
bogów
34%
czas
34%
Góry
34%
wiedźminów.
34%
wprowadził
34%
33%
legiony
33%
nad
33%
Północ
33%
Sine.
33%
tak
33%
Ludzie
32%
głów
31%
każdą
31%
każda
31%
miecza
31%
od
31%
więc
31%
co
30%
pogardy!
30%
popiołem?!
30%
topora!
30%
magią ...
29%
posypujecie
29%
wojny!
29%
wojny
29%
bogowie
28%
Bogowie
28%
by
28%
Dziki
28%
Gon
28%
jest
28%
kąsa!
28%
stąd
28%
twierdzę
28%
wciąż
28%
gryzie
27%
oblega
27%
Północy
27%
tego
27%
Trupojadami ...
27%
wilkołakami?
27%
zwracacie
27%
"Czemu
26%
jednak
26%
opuścili?"
26%
przebaczenie?!
26%
świat
26%
wygłodniały,
26%
Zamiast
26%
że
26%
błagacie
25%
Czy
25%
Koniunkcji
25%
królowie
25%
Wściekły
25%
Pytacie
24%
uczeni
24%
Wasi
24%
zwanych
24%
grzechy
23%
który
23%
lamentujecie!
23%
nikt
23%
potworami
23%
przepaścią!
23%
stoicie
23%
wygra!
23%
zawiedli,
23%
zwana
23%
kara
22%
niebie
22%
Tej
22%
Trollami ...
22%
Ale
21%
Bliski
21%
naszych
21%
nazwali
21%
pełnię!
21%
siła
21%
tu
21%
arkana,
20%
dawno
20%
jej.
20%
jej
20%
Ognia?
20%
pieniądze.
20%
Porzucone
20%
ten
20%
drzwi?
19%
galopuje
19%
ich
19%
innych?
19%
innymi
19%
procesie,
19%
studiujemy
19%
szkolone
19%
Wiecznego
19%
zrzucamy
19%
biczem
18%
ciężar
18%
krew
18%
krwawi,
18%
nam
18%
niegodziwe
18%
nim
18%
oręż?
18%
pomocą
18%
porywają
18%
przemierza
18%
walki
18%
zła.
18%
dobra
17%
drogę,
17%
drogę
17%
już
17%
którą
17%
mniej,
17%
Musimy
17%
płomień
17%
podnosimy
17%
pozwolili
17%
przeciw
17%
przeszłości
17%
reliktami
17%
temu.
17%
wrócić
17%
bluźnierczych
16%
bogactwo!
16%
chłostana
16%
coraz
16%
człowieczeństwa,
16%
dzień
16%
hańbę!
16%
kilku
16%
Koniunkcję!
16%
nich
16%
nieczystym
16%
nikczemna
16%
porzuciliśmy
16%
prawda.
16%
przeplatał
16%
rytuałów.
16%
świata!
16%
wedrzeć
16%
władzę
16%
Wszak
16%
zapominajmy
16%
zgasł.
16%
drugą
15%
dziś
15%
królestw?
15%
magii,
15%
odróżnić
15%
Pokłosiem
15%
potrafią
15%
przelewając
15%
przynoszą
15%
rokiem
15%
siłom.
15%
szaleństwa
15%
też
15%
zdobyć
15%
Blady
14%
kataklizmu
14%
każdym
14%
kiedyś
14%
mówią,
14%
naszego
14%
Niektórzy
14%
nieznane
14%
Ochydnymi
14%
pladze
14%
wygnaliśmy
14%
zmutowane
14%
zwiastuje
14%
istnieniem
13%
jeźdźcy
13%
płonął,
13%
spoza
13%
czarodziejów
12%
raczej
12%
swym
12%
ciepła
11%
damy
11%
powrócić
11%
siłę,
11%
wokół
11%
wygnać
11%
okrutnej
10%
radę
10%
światłości?
10%
używać
10%
Zjednoczyć
10%
mrocznej
9%
Mroczni
9%
znajdziemy
9%
Wysłani
7%
Nie znaleziono quizów pasujących do podanych kryteriów
Rozkład punktacji
Procent ludzi z każdym wynikiem
Percentyl według liczby udzielonych odpowiedzi
Twoja historia wyników
Nie rozwiązałeś tego quizu od ostatniego zresetowania